00326pab a2200121 454500008004000000100001700040245006000057260000900117300001300126362001100139650002000150773003400170180718b2013 xxu||||| |||| 00| 0 eng d aShetty, S.C. aRajan's monetary policy foray: Pursuit of low inflation c2013 ap.18-12. a26 Oct aMonetary policy aEconomic and Political Weekly